000 00684nam a2200205 a 4500
005 20210219160528.0
008 081109s1988 mx r 000 0 spa d
020 _a9233025020
035 _aUPN01000167436
049 _aUNE
080 _a372.8 ORP.
100 1 _aOrpwood, Graham
245 1 0 _aCiencia y tecnología en la enseñanza primaria del mañana /
_cGraham Orpwood; Ingrar Werdelinar Werdelin.
260 _aParís :
_bUNESCO,
_c1988.
300 _a234 p.
440 0 _aOIE. Estudios y encuestas de educación comparada
690 _aEnseñanza cientifica - Enseñanza primaria
690 _aCurriculo de enseñanza primaria - Educación comparada
905 _aUNESCO
999 _c139547
_d139547